000 00624nab a2200181 4500
001 244442
003 OSt
005 20230512122204.0
007 tu
008 200917s2020|||||||
040 _aDE-2950
_cDE-2950
245 0 0 _aEin Gegenentwurf zur Gedenkstätte Seelower Höhen.
_bErinnerungsort. Nach jahrelanger ehrenamtlicher Arbeit ist am Freitag die Gedenkstätte "Kriegsschauplatz Schloss Klessin" eröffnet worden /
_cKatja Gehring
264 _c2023
653 _aPodelzig / Klessin
653 _aGedenkstätte
773 0 _g34. Jahrgang (2023) Nr. 106 vom 08.05.2023, S. 14
_tMärkische Oderzeitung
942 _2z
_cA
999 _c372436
_d372436